Macroeconomic theory and policy. (2nd ed.) (Record no. 82294)

MARC details
000 -LEADER
fixed length control field 00717nam a2200181 a 4500
008 - FIXED-LENGTH DATA ELEMENTS--GENERAL INFORMATION
fixed length control field 120416s1979 ||||||||||||||||| || u
020 ## - INTERNATIONAL STANDARD BOOK NUMBER
International Standard Book Number 0060409363
050 ## - LIBRARY OF CONGRESS CALL NUMBER
Classification number HB 172.5 Bra
100 ## - MAIN ENTRY--PERSONAL NAME
Personal name Branson, William H
245 10 - TITLE STATEMENT
Title Macroeconomic theory and policy. (2nd ed.)
250 ## - EDITION STATEMENT
Edition statement 2nd ed.
260 ## - PUBLICATION, DISTRIBUTION, ETC.
Place of publication, distribution, etc. New York :
Name of publisher, distributor, etc. Harper & Row
Date of publication, distribution, etc. 1979
300 ## - PHYSICAL DESCRIPTION
Extent xiv, 556p. : ill.
350 ## -
-- 0.00
650 ## - SUBJECT ADDED ENTRY--TOPICAL TERM
Topical term or geographic name entry element MICROECONOMICS
995 ## -
-- BINDERY (DAMAGED)
-- 0.00
-- 725972
-- CBU-MAIN LIBRARY (Kitwe)
-- 1
-- 7.95
-- HB 172.5 Bra
-- DAMAGED
-- 002118
-- Main Library Open Access Collection
995 ## -
-- BINDERY (DAMAGED)
-- 0.00
-- 705549
-- CBU-MAIN LIBRARY (Kitwe)
-- 2
-- 7.95
-- HB 172.5 Bra
-- DAMAGED
-- 002119
-- Main Library Open Access Collection
999 ## -
-- 82294
-- 82294
Holdings
Withdrawn status Lost status Source of classification or shelving scheme Damaged status Not for loan Permanent Location Current Location Shelving location Date acquired Total Checkouts Full call number Barcode Date last seen Copy number Price effective from Koha item type
          CBU-MAIN LIBRARY, KITWE. CBU-MAIN LIBRARY, KITWE.   09/27/2023   HB 172.5 Bra 002118 09/27/2023 1 09/27/2023 MONOGRAPH
          CBU-MAIN LIBRARY, KITWE. CBU-MAIN LIBRARY, KITWE.   09/27/2023   HB 172.5 Bra 002119 09/27/2023 2 09/27/2023 MONOGRAPH